Evolution des populations d'orthopteres d'amazonie du nord-ouest dans les cultures traditionnelles et les formations secondaires d'origene anthropique (Registro nro. 12529)

Detalles MARC
000 -CABECERA
Campo de control 008010000a22002290004500
090 ## - CLASIFICACIÓN LOCAL
Colección AR
Consecutivo 03479
041 0# - IDIOMA
Código de idioma para texto/pista de sonido o título separado
100 1# - ASIENTO PRINCIPAL--NOMBRE PERSONAL
Nombre personal Amedegnato, Christiane
245 10 - MENCION DE TITULO
Título Evolution des populations d'orthopteres d'amazonie du nord-ouest dans les cultures traditionnelles et les formations secondaires d'origene anthropique
650 14 - ASIENTO SECUNDARIO DE MATERIA - TERMINO TEMATICO
Término temático o nombre geográfico como elemento de entrada Entomología
650 14 - ASIENTO SECUNDARIO DE MATERIA - TERMINO TEMATICO
Término temático o nombre geográfico como elemento de entrada Dinámica poblacional
650 14 - ASIENTO SECUNDARIO DE MATERIA - TERMINO TEMATICO
Término temático o nombre geográfico como elemento de entrada Disturbios antrópicos
650 14 - ASIENTO SECUNDARIO DE MATERIA - TERMINO TEMATICO
Término temático o nombre geográfico como elemento de entrada Indígenas
650 14 - ASIENTO SECUNDARIO DE MATERIA - TERMINO TEMATICO
Término temático o nombre geográfico como elemento de entrada Secoya
650 14 - ASIENTO SECUNDARIO DE MATERIA - TERMINO TEMATICO
Término temático o nombre geográfico como elemento de entrada Huitoto
651 #4 - ASIENTO SECUNDARIO DE MATERIA - NOMBRE GEOGRAFICO
-- Río Igará - Paraná
-- Colombia
651 #4 - ASIENTO SECUNDARIO DE MATERIA - NOMBRE GEOGRAFICO
-- Río Yubineto
-- Perú
653 ## - TERMINO DE INDIZACION - NO CONTROLADO
-- Dichroplus
-- Dichroplus punctulatus
700 1# - ASIENTO SECUNDARIO - NOMBRE PERSONAL
Nombre personal Descamps, Marius
773 1# - Item fuente:
Título Extrait d'Acrida
Descripción física 9
Paginas del Articulo 1-33
Lugar, editorial y fecha de publicación 1980
942 ## - ELEMENTOS ADICIONALES (KOHA)
Tipo de ítem Artículo
Existencias
Withdrawn status Lost status Sistema de Clasificación Damaged status No para préstamo Colección Ubicación Permanente Ubicación actual Fecha de adquisición Datos de publicación Seriada Total Checkouts Número topográfico Inventario / Código de Barras Date last seen Price effective from Tipo de material
    Dewey Decimal Classification   No para Préstamo Hemeroteca Bogotá Bogotá 27/02/2015 Fuera de circulación   AR 03479 - Fuera de circulación 014383 25/03/2015 25/03/2015 Artículo